Production cost of rubber in independent smallholdings : Some results from a cross sectional analysis (Record no. 65815)

MARC details
000 -LEADER
fixed length control field 00446nam a2200145Ia 4500
100 ## - MAIN ENTRY--AUTHOR NAME
Personal name Shahabuddin M Y
245 #0 - TITLE STATEMENT
Title Production cost of rubber in independent smallholdings : Some results from a cross sectional analysis
260 ## - PUBLICATION, DISTRIBUTION, ETC. (IMPRINT)
Name of publisher Planters Bulletin
Year of publication 1985
300 ## - PHYSICAL DESCRIPTION
Number of Pages 120-125
650 ## - SUBJECT ADDED ENTRY--TOPICAL TERM
Topical Term Rubber production
650 ## - SUBJECT ADDED ENTRY--TOPICAL TERM
Topical Term Smallholdings
700 ## - ADDED ENTRY--PERSONAL NAME
Personal name Suliman Md Abdul Aziz Hj
942 ## - ADDED ENTRY ELEMENTS (KOHA)
Koha item type Journals
Holdings
Withdrawn status Lost status Damaged status Not for loan Home library Current library Shelving location Date acquired Serial Enumeration / chronology Koha item type
      Journals RRII Library RRII Library Agricultural economics 17/12/2021 Volume 185, Issue Journals